00592cas a22001817a 450000500170000000800410001701000100005801100100006803500100007824501210008826000780020930000070028731000100029436200090030450000460031365000410035986600100040020220329142036.0990415d1898 mx ar pernn uub1spa d a77493 a78465 a8843000aAnales de la Sociedad Mexicana para el Cultivo de las Cienciasc/por Sociedad Mexicana para el Cultivo de la Ciencia0 aMéxico, D.F. :bSociedad Mexicana para el Cultivo de la Ciencia,c1898- av. aAnual a1898 aSe se dejó de recibir a partir de 1898.14aCienciaxPublicaciones periódicas. a-1898